| 000 | 00554nam a2200157 i 4500 | ||
|---|---|---|---|
| 001 | 151126 | ||
| 003 | ES-MaACL | ||
| 005 | 20230906203837.0 | ||
| 007 | t| | ||
| 008 | 071211m18411913ne ||||1| fre d | ||
| 245 | 0 | 0 |
_aArchives ou correspondance inédite de la maison d'Orange-Nassau / _crecueil publié, avec autorisation de S. M.le roi, par G. Groen van Prinsterer. |
| 260 |
_aLeide : _bS. et J. Luchtmans, _c1841-1913. |
||
| 300 |
_a27 v. en 5 series ; _c24 cm. |
||
| 700 | 1 |
_aGroen van Prinsterer, Guillaume. _960113 |
|
| 852 |
_aES-MaACL _jG-4729-55 |
||
| 999 |
_c151126 _d151126 |
||